Operating System Concepts
Enregistré dans:
| Auteurs principaux: | , , |
|---|---|
| Format: | Livre |
| Langue: | anglais |
| Publié: |
Wiley,
2014
|
| Édition: | Ninth Edition |
| Sujets: | |
| Tags: |
Pas de tags, Soyez le premier à ajouter un tag!
|
MARC
| LEADER | 00000nam a22000003a 4500 | ||
|---|---|---|---|
| 001 | stu278687 | ||
| 005 | 20150617225740.0 | ||
| 008 | 131126s2014------------------------eng-d | ||
| 020 | |a 978-1-118-09375-7 | ||
| 040 | |a STU |b slo | ||
| 041 | 0 | |a eng | |
| 080 | |a 004.451 | ||
| 100 | 1 | |a Silberschatz, Abraham |4 aut | |
| 245 | 1 | |a Operating System Concepts | |
| 250 | |a Ninth Edition | ||
| 260 | |b Wiley, |c 2014 | ||
| 300 | |a 830 s | ||
| 650 | 7 | |a operačné systémy |2 stusub | |
| 700 | 1 | |a Galvin, Peter Bauer |4 aut | |
| 700 | 1 | |a Gagne, Greg |4 aut | |
| 996 | |b 284EK89253 |c E*89253 |l EE35 |s P |a 0 |w stu278687_0001 | ||